| 000 | 00541nam a22001577a 4500 | ||
|---|---|---|---|
| 003 | OSt | ||
| 008 | 230223b |||||||| |||| 00| 0 eng d | ||
| 041 | _amal | ||
| 082 |
_a894.812 4 _bGEE/AT |
||
| 100 |
_aGeetha , T _95394 |
||
| 245 |
_aAthyuthara keralathile asarimarude jeevithavum samskaravum _bഅത്യുത്തര കേരളത്തിലെ ആശാരിമാരുടെ ജീവിതവും സംസ്കാരവും |
||
| 250 | _a1st | ||
| 260 |
_aKannur _bPusthakabhavan _c2018 |
||
| 300 | _a304 | ||
| 942 | _cBK | ||
| 999 |
_c17639 _d17639 |
||